[Event "18th Brasschaat Open 2018"]
[Site "Brasschaat"]
[Date "2018.08.21"]
[Round "1"]
[White "Szoke, Harry"]
[Black "Baselmans, Luuk"]
[Result "0-1"]
[WhiteElo "1639"]
[BlackElo "2100"]
[Annotator "TA"]
[PlyCount "42"]
[EventDate "2018.08.18"]
[EventType "swiss"]
[EventCountry "BEL"]
[SourceTitle "playchess.com"]
[Source "ChessBase"]
[SourceQuality "1"]

{[%evp 9,42,45,49,42,69,38,41,41,51,-7,0,-15,3,-3,0,-20,0,0,0,-40,-6,-22,-16,-50,-32,-96,-53,-172,-116,-260,-249,-270,-270,-641,-276]} 1. e4 e6 2. Nf3 d5 3. exd5 Qxd5 4. Nc3 Qd8 5. d4 Nf6 {LiveBook: 18 Games} 6. Bf4 {B01: Scandinavian Defence} (6. Bc4 Be7 7. O-O O-O 8. Qe2 Nc6 9. Rd1 Nd5 10. Ne5 Nxe5 11. dxe5 c6 12. Ne4 Qc7 13. Ng5 h6 {1-0 (34) Dzagnidze,N (2507)-Mamedjarova,Z (2355) Stary Smokovec 2018}) 6... a6 7. a3 Be7 8. Be2 $146 {White is slightly better.} ({Predecessor:} 8. Qd2 O-O 9. O-O-O c6 10. Bd3 b5 11. Ne4 Nxe4 12. Bxe4 f5 13. Bd3 b4 14. axb4 {1-0 (30) Cubells Izquierdo,J-Navarro Gomez,G (1790) Mislata 2011}) 8... O-O 9. Be5 ({Better is} 9. Ne5 $14) 9... Nbd7 $11 {[%cal Bb8d7,Bd7b6,Bb6a4,Ba4b2][%mdl 32]} 10. O-O b6 11. Bg3 Bb7 12. Qe1 Rc8 13. Rd1 b5 14. Nb1 Nb6 15. c3 Bd5 16. Nfd2 Qd7 17. f3 (17. b3 $15) 17... Rfd8 18. Bd3 (18. Bh4 $15) 18... c5 $36 {[%mdl 2048] Black is in control.} (18... Na4 $19 19. b4 Nb2) 19. Bf2 (19. dxc5 $17 {might work better.} Na4 20. b4) 19... Na4 $19 20. b3 Nb2 $1 {[%csl LRd1,LRd3]} 21. Kh1 $2 {[#]} (21. Qe2) 21... Kf8 {Precision: White =  5%, Black = 46%.} (21... Nxd3 $142 22. Qe2 Nxf2+ 23. Qxf2 cxd4 24. Qxd4 Qc7) 0-1

[Event "18th Brasschaat Open 2018"]
[Site "Brasschaat"]
[Date "2018.08.21"]
[Round "1"]
[White "Kloosterboer, Nico"]
[Black "Oudewaal, Vincent"]
[Result "0-1"]
[WhiteElo "1623"]
[BlackElo "2070"]
[Annotator "NA RC"]
[PlyCount "64"]
[EventDate "2018.08.18"]
[EventType "swiss"]
[EventCountry "BEL"]
[SourceTitle "playchess.com"]
[Source "ChessBase"]
[SourceQuality "1"]
[TimeControl "40/5400+30:1800+30"]

1. d4 {[%emt 0:00:00]} Nf6 {[%emt 0:00:00]} 2. Bf4 {[%emt 0:00:00]} d6 {[%emt 0:00:00]} 3. e3 {[%emt 0:01:07]} Nbd7 {[%emt 0:00:20]} 4. Nf3 {[%emt 0:00:43]} Nh5 {[%emt 0:01:14]} 5. Be2 {[%emt 0:02:13]} c5 {[%emt 0:02:23]} 6. c3 {[%emt 0:13:30]} cxd4 {[%emt 0:00:17]} 7. cxd4 {[%emt 0:02:27]} Nxf4 {[%emt 0:00:09]} 8. exf4 {[%emt 0:00:43]} g6 {[%emt 0:00:32]} 9. Nc3 {[%emt 0:08:09]} Bg7 {[%emt 0:00:12]} 10. Rc1 {[%emt 0:00:28]} O-O {[%emt 0:01:42]} 11. O-O {[%emt 0:01:00]} Nf6 {[%emt 0:03:49]} 12. Re1 {[%emt 0:00:47]} a6 {[%emt 0:06:04]} 13. Ng5 {[%emt 0:14:08]} h6 {[%emt 0:07:13]} 14. Nf3 {[%emt 0:02:28]} b5 {[%emt 0:03:44]} 15. Bd3 {[%emt 0:05:00]} e6 {[%emt 0:03:25]} 16. Ne4 {[%emt 0:11:04]} Nd5 {[%emt 0:04:08]} 17. Qd2 {[%emt 0:03:19]} Bb7 {[%emt 0:05:53]} 18. Ng3 {[%emt 0:15:21]} Nf6 {[%emt 0:07:58]} 19. Be2 {[%emt 0:11:54]} Qb6 {[%emt 0:02:20]} 20. Rc3 {[%emt 0:00:21]} b4 {[%emt 0:05:08]} 21. Rc4 {[%emt 0:01:11]} a5 {[%emt 0:00:19]} 22. Rec1 {[%emt 0:00:04]} Bd5 {[%emt 0:02:58]} 23. Rc7 {[%emt 0:01:15]} Ne8 {[%emt 0:00:14]} 24. Rc8 {[%emt 0:02:08]} Rxc8 {[%emt 0:00:18]} 25. Rxc8 {[%emt 0:00:02]} Bxa2 {[%emt 0:00:18]} 26. Qd3 {[%emt 0:02:31]} Bd5 {[%emt 0:00:30]} 27. Qb5 {[%emt 0:00:53]} Qxb5 {[%emt 0:00:25]} 28. Bxb5 {[%emt 0:00:01]} Bxf3 {[%emt 0:00:15]} 29. Rxe8 {[%emt 0:00:24]} Rxe8 {[%emt 0:00:17]} 30. Bxe8 {[%emt 0:00:07]} Bd1 {[%emt 0:01:13]} 31. Ne4 {[%emt 0:00:45]} Kf8 {[%emt 0:42:12]} 32. d5 {[%emt 0:01:57]} Kg8 0-1

[Event "18th Brasschaat Open 2018"]
[Site "Brasschaat"]
[Date "2018.08.21"]
[Round "2"]
[White "Docx, Stefan"]
[Black "Butzen, Robin"]
[Result "1-0"]
[WhiteElo "2444"]
[BlackElo "1899"]
[Annotator "TA"]
[PlyCount "59"]
[EventDate "2018.08.18"]
[EventType "swiss"]
[EventCountry "BEL"]
[SourceTitle "playchess.com"]
[Source "ChessBase"]
[SourceQuality "1"]

{[%evp 21,59,0,65,73,53,53,65,0,70,69,73,95,132,122,135,143,224,225,233,41,42,62,176,104,208,193,236,235,343,346,744,763,747,746,2025,1952,1783,1443,1401,1396]} 1. Nf3 Nf6 2. c4 c6 3. Nc3 d5 4. e3 Nbd7 5. d4 e6 6. Qc2 Bd6 7. Bd3 O-O 8. O-O dxc4 9. Bxc4 b5 10. Be2 Bb7 11. a3 Qe7 {LiveBook: 5 Games} ({Better is} 11... a5 $11) 12. e4 $14 {Strongly threatening e5. D46: Semi-Slav: 5 e3 Nbd7 6 Bd3, Black avoids the Meran} (12. Bd2 a5 13. Ne4 Nxe4 14. Qxe4 e5 15. dxe5 Nxe5 16. Nxe5 c5 17. Qf5 Bxe5 18. Bc3 Bxc3 19. bxc3 Ra6 {½-½ (60) Postny,E (2557)-Van Wely,L (2679) Moscow 2005}) 12... e5 13. dxe5 Nxe5 14. Nh4 (14. Nd4 $14) 14... Bc5 (14... Bc8 $11) 15. Nf5 Qe6 $146 ({Predecessor:} 15... Qc7 16. h3 Rfe8 17. Kh1 a6 18. f4 Ned7 19. e5 Nd5 {1-0 (50) Schleifer,M (2339)-Friedman,A Toronto 2009}) 16. Kh1 Bb6 17. f4 Nc4 18. e5 Nd7 (18... Bc8 $16) 19. Ne4 $18 {Black must now prevent Ng5.} f6 20. Nfd6 $2 (20. Bg4 $18 {And now Nh6+! would win.} Kh8 21. Bh3) 20... Nxd6 $14 21. Nxd6 Rab8 {[#]} ({Black should play} 21... fxe5 $14 22. Nxb7 Rab8) 22. f5 $36 {[%mdl 2048] White is really pushing.} (22. Bd3 $1 $18 {[%cal Rd3h7]} fxe5 23. Bxh7+ Kh8 24. Nxb7) 22... Qxe5 {[#]} (22... Qe7 $16) 23. Bf4 $1 $18 {[%cal Rf4e5]} Qc5 24. Qb3+ {[%mdl 1024] White has strong compensation.} Qd5 (24... Kh8 $142 25. Nf7+ Rxf7 26. Qxf7 Ne5 27. Bxe5 Qxe5) 25. Qg3 Ne5 $2 (25... Kh8 26. Bf3 Qb3 27. Nxb7 Ne5) 26. Rad1 {White is clearly winning.} Bd4 27. Bh6 {[%csl Gh6][%cal Rg3g7]} Ng6 28. fxg6 gxh6 29. gxh7+ Kh8 30. Nf5 {Precision: White = 77%, Black = 28%.} 1-0

[Event "18th Brasschaat Open 2018"]
[Site "Brasschaat"]
[Date "2018.08.21"]
[Round "2"]
[White "Tikranian, Alik"]
[Black "Van Ginkel, Henk"]
[Result "1-0"]
[WhiteElo "2295"]
[BlackElo "1868"]
[Annotator "TA"]
[PlyCount "55"]
[EventDate "2018.08.18"]
[EventType "swiss"]
[EventCountry "BEL"]
[SourceTitle "playchess.com"]
[Source "ChessBase"]
[SourceQuality "1"]

{[%evp 18,55,43,7,45,52,45,44,49,12,97,84,85,79,141,131,140,133,148,103,133,133,125,121,145,126,165,152,157,164,165,166,498,489,475,398,410,402,430,396]} 1. d4 Nf6 2. c4 c5 3. Nf3 cxd4 4. Nxd4 e5 5. Nb5 d5 6. cxd5 Bc5 7. e3 O-O 8. N5c3 e4 9. a3 Bf5 10. Be2 {LiveBook: 12 Games. A31: Symmetrical English: 2 Nf3 Nf6 3 d4} Qd7 $146 ({Predecessor:} 10... Nbd7 11. g4 Bg6 12. h4 h6 13. Nd2 Qe7 14. b4 Bd6 15. Bb2 a5 16. bxa5 Rxa5 17. Nc4 Raa8 {1-0 (47) Orlov,G (2563)-Cadman,C (2332) Vancouver 2008}) 11. Nd2 Rd8 12. b4 {White is slightly better.} Be7 13. Qb3 a6 (13... Nxd5 $11 14. Nxd5 Qxd5) 14. O-O $16 Nxd5 15. Ndxe4 Qe6 (15... Nxc3 $142 16. Nxc3 Nc6) 16. Nxd5 Bxe4 17. Nxe7+ Qxe7 18. f3 Bc6 19. Bb2 $36 {[%cal Bc1b2,Bb2d4,Bd4b6,Bb6c7][%mdl 2080] White is on the roll.} Nd7 20. Rad1 Nf6 {[%cal Bd7f6,Bf6e8,Be8c7][%mdl 32]} 21. Bd4 Ne8 22. Bb6 Nc7 23. a4 Rxd1 24. Rxd1 Rd8 $2 {[#]} (24... Qe5 {is more resistant.} 25. Bd3 Rc8) 25. Rxd8+ $18 Qxd8 26. Qc2 Qe7 27. Bxc7 Qxb4 28. Bg3 {Precision: White = 70%, Black = 17%.} 1-0

[Event "18th Brasschaat Open 2018"]
[Site "Brasschaat"]
[Date "2018.08.21"]
[Round "2"]
[White "Sadkowski, Daniel"]
[Black "Baete, Guy"]
[Result "1-0"]
[WhiteElo "2235"]
[BlackElo "1861"]
[Annotator "TA"]
[PlyCount "51"]
[EventDate "2018.08.18"]
[EventType "swiss"]
[EventCountry "BEL"]
[SourceTitle "playchess.com"]
[Source "ChessBase"]
[SourceQuality "1"]

{[%evp 18,50,47,37,92,102,97,97,139,146,207,187,294,274,285,273,297,246,405,391,627,625,683,643,911,922,1145,1126,4622,3049,29993,29991,29995,29996,29999]} 1. d4 d6 2. e4 e5 3. Nf3 exd4 4. Nxd4 Nf6 5. Nc3 Be7 6. Be2 O-O 7. Bf4 {C41: Philidor-Verteidigung} Bd7 (7... Re8 8. Qd2 Bf8 9. f3 Nc6 10. O-O-O Nxd4 11. Qxd4 Be6 12. Kb1 Nd7 13. g4 a6 14. h4 b5 {0-1 (44) Grischuk,A (2750)-Rapport,R (2698) chess.com INT 2017}) 8. Qd2 Nc6 9. O-O-O Nxd4 10. Qxd4 {LiveBook: 3 Partien} Bg4 (10... Re8 $14) 11. f3 $16 Be6 12. Kb1 $146 ({Vorgänger:} 12. g4 h6 13. h4 Nh7 14. Qf2 f6 15. Be3 Qd7 16. Qg3 c6 17. f4 d5 18. g5 fxg5 19. hxg5 Nxg5 20. fxg5 Bd6 21. e5 Bc7 22. gxh6 {1-0 (21) Arnau,V-Juarez,D Valencia 2004}) 12... Nh5 13. Be3 Bf6 {[#]} (13... Bg5 $16) 14. Qd2 $1 $18 g6 (14... Qd7 {war nötig.} 15. g4 Bxc3 16. Qxc3 Nf6) 15. g4 Ng7 16. h4 Ne8 17. h5 Bg7 $2 {[#]} (17... g5 18. h6 c6) 18. f4 {[%cal Bf3f4,Bf4f5][%mdl 32]} gxh5 $2 (18... g5 19. f5 (19. fxg5 c6 $18) 19... Bxc3 20. bxc3 Bxa2+ 21. Kxa2 h6) 19. f5 Bd7 20. g5 Bxc3 21. Qxc3 Qe7 22. Rxh5 f6 23. Bc4+ Kg7 24. Rdh1 {[%csl Gh1][%cal Rh5h7] Weiß setzt Matt.} Rh8 25. gxf6+ Nxf6 26. Bh6# {Precision: Weiß = 84%, Schwarz =  8%.} 1-0

[Event "18th Brasschaat Open 2018"]
[Site "Brasschaat"]
[Date "2018.08.21"]
[Round "2"]
[White "Kazarian, Anna-Maja"]
[Black "Hiel, Lino"]
[Result "1-0"]
[WhiteElo "2183"]
[BlackElo "1826"]
[Annotator "TA"]
[PlyCount "89"]
[EventDate "2018.08.18"]
[EventType "swiss"]
[EventCountry "BEL"]
[SourceTitle "playchess.com"]
[Source "ChessBase"]
[SourceQuality "1"]

{[%evp 19,89,-20,-22,-66,-17,-42,-53,-62,-47,-54,-50,-58,-29,-43,-34,-69,-70,-75,-61,-54,-28,-46,-47,-32,-21,-70,-77,-83,-49,-48,-34,-41,-27,-83,-44,-31,0,-85,10,31,9,14,31,9,9,9,9,8,32,0,246,248,236,197,281,271,275,287,279,277,257,252,256,202,546,498,775,796,795,778,657,631]} 1. d4 d5 2. c4 e6 3. Nc3 Be7 4. Nf3 Nf6 5. Bg5 h6 6. Bh4 O-O 7. e3 Ne4 8. Bxe7 Qxe7 9. Nxe4 dxe4 10. Nd2 f5 {LiveBook: 10 Games} 11. f3 {D56: Queen's Gambit Declined: Lasker Defence} (11. Be2 Rd8 12. O-O c5 13. d5 Kh8 14. f3 exd5 15. cxd5 exf3 16. Bxf3 Qxe3+ 17. Kh1 Nd7 18. Qc2 Nb6 {1-0 (36) Plat,V (2432)-Adamek,J (2357) Czechia 2015}) 11... exf3 $146 ({Predecessor:} 11... e5 12. Qe2 exd4 13. exd4 e3 14. Nb3 Qb4+ 15. Kd1 f4 16. Qe1 Qe7 17. Bd3 a5 18. Nc1 Nc6 {0-1 (33) Jemeljanov,A (2165)-Soot,M (2110) Tallinn 1999}) 12. Qxf3 c5 13. Be2 {Black is slightly better.} cxd4 14. exd4 Nc6 15. Nb3 Rd8 16. Rd1 a5 {[%cal Ba7a5,Ba5a4][%mdl 32] aiming for ...a4.} 17. Qe3 a4 18. Nc1 Qb4+ 19. Qc3 Rxd4 20. Rxd4 Nxd4 21. Qxb4 Nc2+ 22. Kf2 Nxb4 23. Rd1 Nc6 24. Bf3 $1 Ne5 25. Rd8+ Kf7 26. Be2 (26. c5 $1 $11) 26... Ke7 27. Rg8 $1 Kf7 28. Rh8 (28. Rd8 $11) 28... Ng6 (28... b6 $17 29. Bh5+ Ke7) 29. Bh5 $11 Kf6 30. Bxg6 Kxg6 {[%mdl 4096] Endgame KRB-KRN} 31. Rf8 b6 32. Nd3 Bb7 33. Nf4+ Kh7 $1 34. Nxe6 (34. Rxa8 {looks sharper.} Bxa8 35. Nxe6 Kg8 36. Nd4 f4 37. Ne2) 34... Rxf8 $2 {[#]} (34... a3 $1 $11 {and Black has nothing to worry.} 35. b4 Rxf8 36. Nxf8+ Kg8) 35. Nxf8+ $14 {KB-KN} Kg8 36. Nd7 Kf7 (36... a3 {was called for.} 37. bxa3 Kf7 38. Nxb6 Ke6) 37. Nxb6 $18 Bc6 38. b4 axb3 39. axb3 Ke6 40. b4 {[%cal Bb3b4,Bb4b5][%mdl 32]} Kd6 41. g3 Kc7 $2 {[#]} (41... g5 {is tougher.} 42. Nc8+ Ke6) 42. c5 {White is clearly winning.} Be4 (42... g5 $142 43. Ke3 h5) 43. b5 Bd3 44. Nd5+ Kd7 45. Nc3 {Precision: White = 53%, Black = 37%.} 1-0

[Event "18th Brasschaat Open 2018"]
[Site "Brasschaat"]
[Date "2018.08.21"]
[Round "2"]
[White "Baselmans, Luuk"]
[Black "Van Goethem, Jozef"]
[Result "1-0"]
[WhiteElo "2100"]
[BlackElo "1803"]
[Annotator "TA"]
[PlyCount "73"]
[EventDate "2018.08.18"]
[EventType "swiss"]
[EventCountry "BEL"]
[SourceTitle "playchess.com"]
[Source "ChessBase"]
[SourceQuality "1"]

{[%evp 11,72,41,53,-10,-11,-12,9,-22,-7,-27,-21,-31,-23,-23,-15,-32,20,18,23,0,5,0,0,-14,-10,-20,-18,-14,-14,-25,-14,-20,-12,-10,64,52,64,60,61,42,107,73,73,71,51,56,152,153,295,290,302,290,308,308,289,225,309,239,361,322,289,264,29999]} 1. e4 e6 2. d4 d5 3. Nd2 dxe4 4. Nxe4 Be7 5. Bd3 Nf6 6. Nf3 Nbd7 {LiveBook: 355 Games} 7. Ned2 {C10: French with 3 Nc3: Unusual Black 3rd moves and 3...dxe4} (7. O-O $14) (7. O-O Nxe4 8. Bxe4 Nf6 9. Bd3 O-O 10. Qe2 Bd7 11. Rd1 h6 12. b3 a5 13. c4 a4 14. Bb2 Qc8 15. Ne5 Rd8 16. Bc2 Be8 17. Rab1 axb3 18. axb3 {0-1 (32) Kravtsiv,M (2672)-Bacrot,E (2725) Riadh 2017}) 7... c5 $11 8. c3 a6 $146 ({Predecessor:} 8... cxd4 9. cxd4 O-O 10. O-O Nb6 11. Qe2 Nbd5 12. Nc4 Bd7 13. a3 Bb5 {1-0 (29) Halfhide,S (2119)-Van Baar,E (2002) Groningen 2015}) 9. a4 {[%cal Ba2a4,Ba4a5][%mdl 32] The position is equal.} O-O 10. a5 cxd4 11. cxd4 Nd5 12. O-O N7f6 13. Nc4 b5 ({Black should play} 13... Bd7 $15) 14. axb6 $1 Nxb6 15. Qb3 Nbd5 16. Bd2 Bd7 17. Ba5 Qb8 18. Qxb8 Raxb8 19. Nfe5 Bb5 20. Rfc1 Rfc8 21. g3 Bb4 22. Bf1 h6 (22... Bf8 $11) 23. Bxb4 $14 Nxb4 24. Nd6 Rxc1 25. Rxc1 Nd7 (25... Bxf1 $14 26. Kxf1 Rf8) 26. Nxb5 Nxe5 27. dxe5 axb5 $16 {[%mdl 4096] Endgame KRB-KRN} 28. Rc5 Na6 ({Better is} 28... Rd8 $14) 29. Rxb5 Rxb5 (29... Rd8 $16 30. Kg2 Kf8) 30. Bxb5 {KB-KN} Nb4 31. f4 g5 32. Kf2 gxf4 33. gxf4 Kg7 34. Kf3 Kg6 (34... f6 $142 35. Ke4 Kf7) 35. Bc4 Kf5 36. Bf1 Nc6 $2 {[#]} (36... Kg6 $18 37. Ke4 f5+ 38. Kd4 Nd5) 37. Bd3# {Precision: White = 55%, Black = 22%.} 1-0

[Event "18th Brasschaat Open 2018"]
[Site "Brasschaat"]
[Date "2018.08.21"]
[Round "2"]
[White "Oudewaal, Vincent"]
[Black "De Schouwer, Jonas"]
[Result "1-0"]
[WhiteElo "2070"]
[BlackElo "1790"]
[Annotator "NA RC"]
[PlyCount "45"]
[EventDate "2018.08.18"]
[EventType "swiss"]
[EventCountry "BEL"]
[SourceTitle "playchess.com"]
[Source "ChessBase"]
[SourceQuality "1"]
[TimeControl "40/5400+30:1800+30"]

1. c4 {[%emt 0:00:00]} e5 {[%emt 0:00:00]} 2. g3 {[%emt 0:00:00]} Nf6 {[%emt 0:00:00]} 3. Bg2 {[%emt 0:00:00]} d5 {[%emt 0:00:09]} 4. cxd5 {[%emt 0:00:00]} Nxd5 {[%emt 0:00:07]} 5. Nc3 {[%emt 0:00:01]} Nb6 {[%emt 0:00:35]} 6. Nf3 {[%emt 0:00:11]} Nc6 {[%emt 0:00:19]} 7. O-O {[%emt 0:00:08]} Be7 {[%emt 0:06:22]} 8. a3 {[%emt 0:00:08]} O-O {[%emt 0:01:26]} 9. b4 {[%emt 0:00:08]} a6 {[%emt 0:02:00]} 10. d3 {[%emt 0:07:05]} Be6 {[%emt 0:03:48]} 11. Bb2 {[%emt 0:00:48]} Qd7 {[%emt 0:04:22]} 12. Ne4 {[%emt 0:03:21]} f6 {[%emt 0:03:31]} 13. Nc5 {[%emt 0:01:29]} Bxc5 {[%emt 0:03:06]} 14. bxc5 {[%emt 0:00:03]} Nd5 {[%emt 0:02:15]} 15. e4 {[%emt 0:00:24]} Nde7 {[%emt 0:01:42]} 16. d4 {[%emt 0:00:08]} Bc4 {[%emt 0:12:02]} 17. dxe5 {[%emt 0:11:49]} Qe6 {[%emt 0:13:40]} 18. exf6 {[%emt 0:07:56]} Bxf1 {[%emt 0:07:24]} 19. fxe7 {[%emt 0:05:58]} Qxe7 {[%emt 0:05:37]} 20. Qd5+ {[%emt 0:05:39]} Kh8 {[%emt 0:02:50]} 21. Rxf1 {[%emt 0:00:19]} Rad8 {[%emt 0:03:02]} 22. Qh5 {[%emt 0:01:47]} Qxe4 {[%emt 0:04:43]} 23. Ng5 {[%emt 0:54:08]} 1-0

[Event "18th Brasschaat Open 2018"]
[Site "Brasschaat"]
[Date "2018.08.21"]
[Round "2"]
[White "Punt, Rene"]
[Black "Dgebuadze, Alexandre"]
[Result "0-1"]
[WhiteElo "1876"]
[BlackElo "2511"]
[Annotator "TA"]
[PlyCount "44"]
[EventDate "2018.08.18"]
[EventType "swiss"]
[EventCountry "BEL"]
[SourceTitle "playchess.com"]
[Source "ChessBase"]
[SourceQuality "1"]

{[%evp 11,44,4,13,-12,-11,-9,-12,-4,-8,-18,-17,-22,-11,-24,-14,-24,-20,-37,-34,-33,-12,-8,0,-44,-32,-45,-34,-55,-22,-112,-112,-158,-156,-140,-63]} 1. b3 d5 2. Bb2 Bg4 3. Nf3 Nd7 4. e3 Ngf6 5. Be2 c6 6. d4 e6 {LiveBook: 12 Partien. A06: Zukertort-Eröffnung} 7. Ne5 $146 (7. O-O Bb4 8. c3 Bd6 9. c4 Ne4 10. Nbd2 Qf6 11. cxd5 exd5 12. Nxe4 dxe4 13. Nd2 Qh6 14. g3 Bh3 15. Nxe4 Bxf1 16. Bxf1 O-O 17. Nxd6 Qxd6 {½-½ (25) Dedina,M (2343)-Doren,D (2345) ICCF email 2016}) ({Vorgänger:} 7. Nbd2 Bd6 8. Ne5 Bxe2 9. Qxe2 O-O 10. O-O Ne4 11. f4 Nxd2 12. Qxd2 {½-½ (59) Mueller,L (1933)-Kripp,W (1944) Gladenbach 2011}) 7... Bxe2 8. Qxe2 Bb4+ {Die Stellung ist ausgeglichen.} 9. c3 Bd6 10. f4 Ne4 11. O-O O-O (11... Ndf6 {feels hotter.} 12. c4 O-O 13. Nd3 a5 14. c5 Be7) 12. Nd2 Nxd2 13. Qxd2 Nf6 14. c4 Ne4 $36 {[%mdl 2048] Schwarz hat gut koordiniertes Spiel.} 15. Qe2 f6 {[%cal Bf7f6,Bf6f5,Bf5e4][%mdl 32]} 16. Nd3 f5 17. Rf3 g5 18. g3 Qe8 19. Rff1 Qg6 20. Nf2 (20. a4 $11) 20... gxf4 $17 21. Nxe4 fxe4 22. exf4 Rf5 {Precision: Weiß = 18%, Schwarz = 54%.} ({Günstiger ist} 22... Rxf4 $17 23. Rxf4 Bxf4) 0-1

[Event "18th Brasschaat Open 2018"]
[Site "Brasschaat"]
[Date "2018.08.21"]
[Round "2"]
[White "Raats, Joppe"]
[Black "Grochal, Joey"]
[Result "0-1"]
[WhiteElo "1862"]
[BlackElo "2300"]
[Annotator "TA"]
[PlyCount "62"]
[EventDate "2018.08.18"]
[EventType "swiss"]
[EventCountry "BEL"]
[SourceTitle "playchess.com"]
[Source "ChessBase"]
[SourceQuality "1"]

{[%evp 18,62,-35,-78,-50,-64,-83,-105,-100,-101,-97,-99,-93,-129,-102,-156,-149,-145,-145,-177,-140,-145,-145,-143,-136,-152,-140,-325,-300,-338,-332,-390,-375,-359,-358,-379,-293,-308,-300,-299,-242,-401,-370,-349,-239,-993,-285]} 1. e4 c5 2. d4 cxd4 3. c3 dxc3 4. Nxc3 Nc6 5. Nf3 d6 6. Bc4 a6 7. O-O Nf6 8. Qe2 Bg4 9. Rd1 e6 10. Bf4 {LiveBook: 6 Games. B21: Sicilian: 2 f4 and Morra Gambit} Qb8 (10... Nh5 11. Be3 Ne5 12. Bb3 Bxf3 13. gxf3 Qh4 14. Ba4+ Ke7 15. Rxd6 Kxd6 16. Qd2+ Kc7 17. Nd5+ Kb8 18. Qa5 exd5 19. Qxd5 Nxf3+ 20. Kf1 Nf4 {0-1 (20) Loh,Z (2340)-Demuth,A (2546) Adelaide 2016}) 11. Rd2 Nh5 $146 ({Predecessor:} 11... Be7 12. Rad1 Ne5 13. Bxe5 dxe5 14. Bb3 O-O 15. h3 Bxf3 16. Qxf3 b5 17. Rc2 Rd8 {0-1 (36) Rinck,K (1785)-Dorn,M (1916) Verden 2013}) 12. Bg3 {Black is better.} Be7 13. Qe3 Nxg3 14. hxg3 b5 15. Bb3 Qa7 16. Qf4 (16. Nd1 $142) 16... Bxf3 $17 17. Qxf3 O-O 18. Kh2 Qc5 19. Qd1 Rfd8 20. Rc1 {[#] White wants to play Nd5.} Qb6 $1 21. f4 Na5 22. e5 $2 (22. Rdc2 $17 {was necessary.}) 22... Nxb3 23. Qxb3 dxe5 24. Rxd8+ Rxd8 ({Don't take} 24... Bxd8 25. Rc2 $19) 25. Ne4 exf4 26. gxf4 h6 27. Qf3 Qd4 28. Rc7 Bd6 29. Rb7 $2 {[#]} (29. Rc2) 29... f5 30. Nxd6 Qxd6 31. g3 $2 (31. Qe3) 31... Qd5 $2 {Precision: White = 38%, Black = 72%.} (31... Qd2+ 32. Kh3 Qxb2) 0-1

[Event "18th Brasschaat Open 2018"]
[Site "Brasschaat"]
[Date "2018.08.21"]
[Round "2"]
[White "Voet, Dirk"]
[Black "Draftian, Ashote"]
[Result "0-1"]
[WhiteElo "1851"]
[BlackElo "2247"]
[Annotator "TA"]
[PlyCount "20"]
[EventDate "2018.08.18"]
[EventType "swiss"]
[EventCountry "BEL"]
[SourceTitle "playchess.com"]
[Source "ChessBase"]
[SourceQuality "1"]

{[%evp 9,20,-21,2,-40,-47,-44,-47,-49,-33,-28,-28,-302,-299]} 1. e4 c5 2. Nf3 e6 3. Nc3 a6 4. a4 d5 (4... Nf6 5. Be2 Nc6 6. O-O d5 7. exd5 exd5 8. d4 cxd4 9. Nxd4 Be7 10. Bf3 O-O 11. Be3 Be6 12. Nce2 {½-½ (23) Brito,L (2354)-Sunye Neto,J (2486) Foz do Iguacu 2018}) 5. d4 Nf6 6. Bg5 {B40: Sicilian: 2...e6, Unusual lines} cxd4 $146 ({Predecessor:} 6... h6 7. Bxf6 gxf6 8. exd5 exd5 9. dxc5 Bxc5 10. Qxd5 Qb6 11. O-O-O O-O {½-½ (19) Clark,K-Becker,A Detroit East 1984}) 7. Nxd4 dxe4 8. Nxe4 Qa5+ $1 9. Qd2 Qe5 10. Bxf6 $4 {[%mdl 8192] [#]} (10. f3 $11) 10... Qxe4+ ({Worse is} 10... gxf6 11. O-O-O $14) 0-1